1546 1137 1548 1874 1488 1044 1002 1592 1040 1899 1715 1623 1847 1482 1465 1235 1519 1585 1473 1939 1100 1444 1828 1403 1157 1271 1332 1651 1166 1690 1220 1643 1298 1806 1687 1734 1728 1890 1213 1423 1594 1243 1588 1105 1026 1386 1722 1986 1257 1792 1536 1731 1702 1819 1914 1286 1936 1434 1422 1277 1335 1695 1692 1076 1472 1893 1393 1271 1244 1010 1331 1665 1825 1791 1638 1695 1731 1030 1069 1372 1975 1549 1889 1462 1910 1290 1769 1508 1052 1840 1367 1664 1923 1521 1801 1533 1159 1142 1903 BCNSPRNW ULIB Ver.6.0+V

เปลี่ยนเป็นภาษาไทย

Change to English
 แสดงรายละเอียดบรรณานุกรม
  กลับหน้าหลัก

Brief Record : Get Marc (ISO 2709) : E-mail record : QR code < ปิดหน้าต่าง
LEADER : 00000nam 2200000uu 4500
001    13399110493
003     ULIB
008    110601s2551||||th 000 0 tha d
020    9789740420941
060 04 WP15^bก432ก 2551
100 0  กนธีร์ สังขวาสี
245 10 การให้รหัสการวินิจฉัยรหัสผ่าตัดและรหัสหัตถการทางสูตินรีเวชกรรม /^cกนธีร์ สังขวาสี
246 31 คำแนะนำการให้รหัสICD-10,ICD-10-TMและICD-9-CM
250    พิมพ์ครั้งที่ 1
260    กรุงเทพฯ :^bศูนย์มาตรฐานรหัสและข้อมูลสุขภาพแห่งชาติ,^c2551
300    81 หน้า
650  7 บันทึกเวชระเบียน
650  7 รหัสICD
650  7 โรคทางนรีเวช
650  7 การให้บริการทางสูตินรีเวชกรรม
700 1  กนธีร์ สังขวาสี
710 2  กระทรวงสาธารณสุข^bสำนักนโยบายและยุทธศาสตร์
945    ^p95^l0^i024843
995    ทศพร
999 ^a ใช้งานได้ทุกระบบ
รายการนี้ยังไม่มีแท็ก
คุณยังไม่ได้ล็อกอิน คุณสามารถมีกิจกรรมร่วมกับเว็บไซต์ได้ แต่ต้องล็อกอินก่อน ::
  ล็อกอิน

รายการสื่อสารสนเทศ

ลำดับที่ ประเภท เลขเรียก/บาร์โค้ด สถานที่ สถานะ
- ไม่พบข้อมูล -

รายการใกล้เคียง
    หัวเรื่อง [โรคทางนรีเวช]

BibComment


ยังไม่เคยถูกคอมเมนท์

คอมเมนท์ทรัพยากรรายการนี้
  คอมเมนท์: การให้รหัสการวินิ..


 Copyright 2026. Bcnsprnw @Library